000 00411nam a22001697a 4500
003 SGT
020 _a9788131257562
082 _a615.83
_bP19H
100 _aHEABERT, ROB
245 _aPRACTICAL EVIDENCE-BASED PHYSIOTHERAPY
250 _a2ND
260 _aEDINBURGH
_bELSEVIER PUB
_c2019
300 _a173
650 _aPHYSIOTHERAPY
653 _aPRACTICAL EVIDENCE-BASED PHYSIOTHERAPY
942 _2ddc
_cBK
999 _c23296
_d23296